000 00730nam a2200241Ia 4500
003 OSt
005 20221005125930.0
006 a|||||r|||| 00| 0
007 ta
008 221004b |||||||| |||| 00| 0 eng d
024 _a63837
037 _cTextual
040 _aCRL
_cCRL
_beng
041 _2eng
_aeng
082 _aW:2p1:N66, K7
110 _aSeminar on the parliamentary versus presidential system of government (New Delhi) (1966)
_9637349
245 0 _aProceedings
260 _c1967
650 _aPOLITICAL SCIENCE
700 _aSeminar on the parliamentary versus presidential system of government (New Delhi) (1966)
_9637350
942 _hW:2p1:N66, K7
_cTEXL
_2cc
999 _c1055546
_d1055546